<?xml version="1.0" encoding="UTF-8"?>
<record
    xmlns:xsi="http://www.w3.org/2001/XMLSchema-instance"
    xsi:schemaLocation="http://www.loc.gov/MARC21/slim http://www.loc.gov/standards/marcxml/schema/MARC21slim.xsd"
    xmlns="http://www.loc.gov/MARC21/slim">

  <leader>01203nam a2200265 i 4500</leader>
  <controlfield tag="001">156838</controlfield>
  <controlfield tag="003">ES-MaACL</controlfield>
  <controlfield tag="005">20230906210518.0</controlfield>
  <controlfield tag="008">950206s1860    sp a         |||| | spa d</controlfield>
  <datafield tag="040" ind1=" " ind2=" ">
    <subfield code="a">CARM</subfield>
  </datafield>
  <datafield tag="100" ind1="1" ind2=" ">
    <subfield code="a">Lacombe, Francis (</subfield>
    <subfield code="d">1817-1867)</subfield>
    <subfield code="9">128562</subfield>
  </datafield>
  <datafield tag="245" ind1="1" ind2="0">
    <subfield code="a">Historia de la monarqu&#xED;a en Europa, desde su origen hasta nuestro d&#xED;as / </subfield>
    <subfield code="c">por M. Francis Lacombe ; traducida por Joaqu&#xED;n Gibert.</subfield>
  </datafield>
  <datafield tag="260" ind1=" " ind2=" ">
    <subfield code="a">Madrid : </subfield>
    <subfield code="b">Antonio de San Mart&#xED;n : </subfield>
    <subfield code="b">Emilio Font ; </subfield>
    <subfield code="a">Barcelona :</subfield>
    <subfield code="b">Librer&#xED;a de El Plus Ultra, </subfield>
    <subfield code="c">1860.</subfield>
  </datafield>
  <datafield tag="300" ind1=" " ind2=" ">
    <subfield code="a">4 v. : </subfield>
    <subfield code="b">il. ; </subfield>
    <subfield code="c">20 cm.</subfield>
  </datafield>
  <datafield tag="490" ind1="1" ind2=" ">
    <subfield code="a">La Maravilla. </subfield>
    <subfield code="a">Segunda serie. </subfield>
    <subfield code="a">Secci&#xF3;n Instructiva</subfield>
  </datafield>
  <datafield tag="597" ind1=" " ind2=" ">
    <subfield code="a">Junto con [3] h. de propaganda ed. en v. 1 y [4] h. en v. 4.</subfield>
  </datafield>
  <datafield tag="597" ind1=" " ind2=" ">
    <subfield code="a">T.I (380 p.,[1] h. de l&#xE1;m.) - T.II (399 p.,[1] h. de l&#xE1;m.) - T.I (429 p.,[1] h. de l&#xE1;m.) - T.I (408 p.,[1] h. de l&#xE1;m.)</subfield>
  </datafield>
  <datafield tag="599" ind1=" " ind2=" ">
    <subfield code="a">Las h. de l&#xE1;m. son grab. calc.</subfield>
  </datafield>
  <datafield tag="650" ind1=" " ind2="4">
    <subfield code="a">Monarqu&#xED;a-</subfield>
    <subfield code="z">Europa-</subfield>
    <subfield code="x">Historia.</subfield>
    <subfield code="9">163473</subfield>
  </datafield>
  <datafield tag="651" ind1=" " ind2="4">
    <subfield code="a">Europa-</subfield>
    <subfield code="x">Reyes y Soberanos.</subfield>
    <subfield code="9">137143</subfield>
  </datafield>
  <datafield tag="700" ind1="1" ind2=" ">
    <subfield code="a">Gibert, Joaqu&#xED;n.</subfield>
    <subfield code="9">56646</subfield>
  </datafield>
  <datafield tag="830" ind1="0" ind2=" ">
    <subfield code="a">La Maravilla. </subfield>
    <subfield code="a">Segunda serie. </subfield>
    <subfield code="a">Secci&#xF3;n Instructiva</subfield>
    <subfield code="9">221725</subfield>
  </datafield>
  <datafield tag="852" ind1=" " ind2=" ">
    <subfield code="a">ES-MaACL</subfield>
    <subfield code="j">D-1210-13 </subfield>
    <subfield code="z">- Enc. tela</subfield>
  </datafield>
  <datafield tag="999" ind1=" " ind2=" ">
    <subfield code="c">156838</subfield>
    <subfield code="d">156838</subfield>
  </datafield>
  <datafield tag="952" ind1=" " ind2=" ">
    <subfield code="0">0</subfield>
    <subfield code="1">0</subfield>
    <subfield code="4">0</subfield>
    <subfield code="7">0</subfield>
    <subfield code="8">LIBXIX</subfield>
    <subfield code="a">ATENEOM</subfield>
    <subfield code="b">ATENEOM</subfield>
    <subfield code="c">SVI</subfield>
    <subfield code="d">2008-01-17</subfield>
    <subfield code="l">0</subfield>
    <subfield code="o">D-1210-13</subfield>
    <subfield code="p">901164093</subfield>
    <subfield code="r">2023-02-23 00:00:00</subfield>
    <subfield code="w">2023-02-23</subfield>
    <subfield code="y">MONANT</subfield>
  </datafield>
</record>
